Besieged fortress Μικρόπολις
Χρησιμοποιώντας κορυφαίες τεχνολογίες παρακολουθούμε την προσπάθεια μιας αποικία τερμιτών καθώς προσπαθούν να επιβιώσουν από την εισβολή σαρκοφάγων μυρμηγκιών και μια τρομαχτική πλημμύρα....
Αποθηκεύτηκε σε:
| Άλλοι συγγραφείς: | , |
|---|---|
| Μορφή: | |
| Γλώσσα: | French Greek |
| Δημοσίευση: |
Αθήνα :
ArtFree,
2006.
|
| Θέματα: | |
| Ετικέτες: |
Προσθήκη ετικέτας
Δεν υπάρχουν, Καταχωρήστε ετικέτα πρώτοι!
|
MARC
| LEADER | 00000cgm a2200000 i 4500 | ||
|---|---|---|---|
| 001 | 1/17181 | ||
| 008 | 111221s2007####gr ||| | || ||fre|| | ||
| 035 | |l 10111620 | ||
| 040 | |a GR-MY-UA |b gre |e aacr | ||
| 041 | 0 | |a fre |j gre | |
| 082 | 0 | |a 595.736 |2 (22) | |
| 245 | 1 | 0 | |a Besieged fortress |h [μαγνητοσκόπηση] = |b Μικρόπολις / |c A film by Phillipe Calderon. |
| 246 | 1 | |i Παράλληλος τίτλος: |a Μικρόπολις |h [μαγνητοσκόπηση] | |
| 260 | |a Αθήνα : |b ArtFree, |c 2006. | ||
| 300 | |a 1 βιντεοδίσκος (85 λεπτ.) : |b ομίλ., έγχρ. ; |c 4 3/4 ίν. | ||
| 500 | |a Στα γαλλικά με ελληνικούς υπότιτλους. | ||
| 508 | |a Παραγωγή: Thierry Commissionat, Francois Calderon. | ||
| 511 | 0 | |a Αφηγητής: Benoit Allemane. | |
| 520 | |a Χρησιμοποιώντας κορυφαίες τεχνολογίες παρακολουθούμε την προσπάθεια μιας αποικία τερμιτών καθώς προσπαθούν να επιβιώσουν από την εισβολή σαρκοφάγων μυρμηγκιών και μια τρομαχτική πλημμύρα. | ||
| 650 | 0 | 0 | |a Termites |x Behavior. |
| 650 | 0 | 0 | |a Termites |x Effect of floods on. |
| 650 | 0 | 0 | |a Ants |x Behavior. |
| 650 | 0 | 0 | |a Documentary films. |
| 700 | 1 | |a Calderon, Philippe. |4 drt | |
| 700 | 1 | |a Allemane, Benoit. |4 nrt | |
| 852 | |a INST |b SYROS |c AV |e 20111221 |h 595.736 CAL |p 005500009953 |q 005500009953 |t DVD |y 23 | ||
| 901 | |a BIBL5-2008-1 | ||
| 909 | |a Ε |b 169833 | ||
| 922 | |a 5ΕΛΗ |b 200709 |c ΒΙΒΛΙΟΘΗΚΗ ΣΥΡΟΥ |d ANACO | ||
| 970 | |a ΚΟΝΤΟΥ |b ΠΑΡΑΣΚΕΥΗ |z 2011/12/21 | ||